| 000 | 00345nam a2200133Ia 4500 | ||
|---|---|---|---|
| 008 | 240624s9999 xx 000 0 und d | ||
| 041 | _aeng | ||
| 082 | _a338.9 SRI | ||
| 100 | _aSRINIVASAN R | ||
| 245 | _aNEW INDIAN INDUSTRY STRUCTURE AND KEY PL | ||
| 260 |
_c2005 _aDelhi _bMacmillan India |
||
| 300 | _axii, : 392 : p. : cm. ; 25 | ||
| 365 | _cRS | ||
| 999 |
_c2549 _d2549 |
||